Fair Insurance Cover for Export Credit Under OECD Pricing Framework

Cieľom článku je analyzovať problematiku chýbajúcich pravidiel o poistnom krytí záujmov z pohľadu OECD v období rokov 2010–2020. Exportné úverové agentúry podporujú export a uplatňujú minimálne poistné sadzby len na sumu istiny, pričom poistná zmluva pokrýva aj výšku úrokov. Dokument vysvetľuje, kto...

Ausführliche Beschreibung

Gespeichert in:
Bibliographische Detailangaben
1. Verfasser: Pýcha, Mikuláš
Format: Buchkapitel
Sprache:Englisch
Schlagworte:
Tags: Tag hinzufügen
Keine Tags, Fügen Sie das erste Tag hinzu!

MARC

LEADER 00000naa a2200000 4500
001 0279588
005 20211112081021.4
041 0 |a eng 
044 |a CZ 
245 1 0 |a Fair Insurance Cover for Export Credit Under OECD Pricing Framework  |c Mikuláš Pýcha 
520 |a Cieľom článku je analyzovať problematiku chýbajúcich pravidiel o poistnom krytí záujmov z pohľadu OECD v období rokov 2010–2020. Exportné úverové agentúry podporujú export a uplatňujú minimálne poistné sadzby len na sumu istiny, pričom poistná zmluva pokrýva aj výšku úrokov. Dokument vysvetľuje, ktoré časti úrokovej sadzby by mali byť kryté poistením úveru a poskytuje teoretickú a empirickú analýzu maximálneho rozsahu úrokového krytia. 
610 2 0 |a podpora štátna 
610 2 0 |a konsenzus 
610 2 0 |a OECD 
610 2 0 |a agentúry 
610 2 0 |a úver 
100 1 |a Pýcha, Mikuláš